| 000 | 00488nam a2200193Ia 4500 | ||
|---|---|---|---|
| 005 | 20240823050656.0 | ||
| 008 | 240823s9999||||xx |||||||||||||| ||und|| | ||
| 020 | _a81-88429-35-X | ||
| 041 | _aENGLISH | ||
| 082 | _A658.15 P4 | ||
| 100 | _aSenthil Arasu B | ||
| 245 | 0 | _aEngineering Economics and Financial Accounting | |
| 250 | _a1st | ||
| 260 |
_c2013 _b"Scitech,Ch" |
||
| 500 | _aYES | ||
| 650 |
_aAccountancy _bManagement Studies |
||
| 700 | _a Praveen Paul J | ||
| 942 | _cBK | ||
| 999 |
_c217801 _d217801 |
||